[Event "Titled Tuesday intern op 16th Apr Early"]
[Site "Chess.com INT"]
[Date "2024.04.16"]
[Round "3"]
[White "Kushch, Nikolai"]
[Black "Loef, Dirk"]
[Result "1-0"]
[WhiteElo "2334"]
[BlackElo "2060"]
[PlyCount "57"]
[EventDate "2024.04.16"]
[EventType "swiss (blitz)"]
[EventRounds "11"]
[EventCountry "USA"]
[SourceTitle "CB17_2024"]
[SourceDate "2024.04.24"]
[SourceVersion "1"]
[SourceVersionDate "2024.04.24"]
[SourceQuality "1"]

1. Nf3 b6 2. g3 c5 3. Bg2 Bb7 4. 0-0 g6 5. c4 Bg7 6. Nc3 Nf6 7. e3 Ne4 8. Nxe4 Bxe4 9. d3 Bc6 10. Qc2 0-0 11. a3 d5 12. cxd5 Bxd5 13. Rb1 Nc6 14. Bd2 Rc8 15. Rfd1 Ne5 16. e4 Nxf3+ 17. Bxf3 Bb7 18. Be3 f5 19. Bg2 Kh8 20. Qe2 e5 21. b4 f4 22. gxf4 exf4 23. Bc1 Qh4 24. bxc5 Rxc5 25. Bf3 Rg5+ 26. Kh1 Bd4 27. Bb2 Rd8 28. Bxd4+ Rxd4 29. Qb2 1-0

[Event "Titled Tuesday intern op 16th Apr Early"]
[Site "Chess.com INT"]
[Date "2024.04.16"]
[Round "4"]
[White "Velikanov, Alexander"]
[Black "Kushch, Nikolai"]
[Result "1/2-1/2"]
[WhiteElo "2387"]
[BlackElo "2334"]
[PlyCount "142"]
[EventDate "2024.04.16"]
[EventType "swiss (blitz)"]
[EventRounds "11"]
[EventCountry "USA"]
[SourceTitle "CB17_2024"]
[SourceDate "2024.04.24"]
[SourceVersion "1"]
[SourceVersionDate "2024.04.24"]
[SourceQuality "1"]

1. e4 c5 2. Nf3 e6 3. d3 Nc6 4. g3 Nf6 5. Bg2 d5 6. Qe2 Be7 7. 0-0 b6 8. Re1 Bb7 9. h4 h6 10. e5 Nd7 11. h5 Qc7 12. Bf4 0-0-0 13. Nc3 g6 14. Nxd5 exd5 15. e6 Bd6 16. Bxd6 Qxd6 17. exd7+ Qxd7 18. Ne5 Nxe5 19. Qxe5 Rhe8 20. Qf6 gxh5 21. Kh2 Kb8 22. Qxh6 Rxe1 23. Rxe1 Qf5 24. f4 d4 25. Bxb7 Kxb7 26. Re5 Qd7 27. Qf6 Re8 28. Qg5 Rxe5 29. Qxe5 Qg4 30. f5 Ka6 31. Qe4 Qd1 32. Qg2 f6 33. b3 Ka5 34. a3 a6 35. Qf2 Qc1 36. Kh3 Qg5 37. Qf4 Qg8 38. Kh4 Qf7 39. Qd2+ Kb5 40. Qe2 Qg7 41. Qxh5 a5 42. Qe8+ Ka6 43. Qa8+ Kb5 44. a4+ Kb4 45. Qc6 Kc3 46. Qxb6 Qh6+ 47. Kg4 Qg5+ 48. Kf3 Qxf5+ 49. Kg2 Qd5+ 50. Kf2 Qf5+ 51. Kg2 Kxc2 52. Qxa5 Kxd3 53. Qe1 Kc2 54. Qe2+ Kxb3 55. a5 d3 56. Qd1+ Kc3 57. a6 Qe4+ 58. Kg1 Qe2 59. Qa1+ Kc4 60. a7 Qe3+ 61. Kh2 Qf2+ 62. Kh3 Qf5+ 63. Kh4 Qg5+ 64. Kh3 Qf5+ 65. Kg2 Qe4+ 66. Kh2 Qe2+ 67. Kg1 Qe3+ 68. Kh2 Qe2+ 69. Kh1 Qf3+ 70. Kh2 Qf2+ 71. Kh3 Qf5+ 1/2-1/2

[Event "Titled Tuesday intern op 02nd Apr Early"]
[Site "Chess.com INT"]
[Date "2024.04.02"]
[Round "9"]
[White "Abdi, Farzad"]
[Black "Kushch, Nikolai"]
[Result "0-1"]
[WhiteElo "2068"]
[BlackElo "2334"]
[PlyCount "112"]
[EventDate "2024.04.02"]
[EventType "swiss (blitz)"]
[EventRounds "11"]
[EventCountry "USA"]
[SourceTitle "CB15_2024"]
[SourceDate "2024.04.10"]
[SourceVersion "1"]
[SourceVersionDate "2024.04.10"]
[SourceQuality "1"]

1. e4 c5 2. Nf3 e6 3. d4 cxd4 4. Nxd4 a6 5. g3 d6 6. Bg2 Bd7 7. 0-0 Nc6 8. b3 Nf6 9. Bb2 Qc7 10. c4 Be7 11. Nc3 Rc8 12. Rc1 Ne5 13. h3 h5 14. f4 Ng6 15. Kh1 Qb8 16. Qd2 b5 17. cxb5 axb5 18. f5 Ne5 19. Ndxb5 Bxb5 20. Nxb5 Rxc1 21. Rxc1 Qxb5 22. Rc8+ Bd8 23. Qxd6 Ned7 24. fxe6 Qb7 25. exd7+ Nxd7 26. Rb8 Qxb8 27. Qc6 Rh6 28. Qa4 Qxg3 29. e5 Rg6 30. Qe4 Kf8 31. Qa8 Qxg2+ 32. Qxg2 Rxg2 33. Kxg2 Bc7 34. e6 fxe6 35. Kf3 g5 36. Ke4 Ke7 37. b4 Bd6 38. Bc3 Nb6 39. Bd4 Na4 40. a3 g4 41. hxg4 hxg4 42. Ke3 g3 43. Kf3 Kd7 44. Kg2 Kc6 45. Kf3 Kd5 46. Ba7 Kc4 47. Be3 Kb3 48. b5 Kxa3 49. b6 Kb4 50. b7 Bb8 51. Bf4 e5 52. Bxg3 Kb5 53. Ke4 Nc5+ 54. Kd5 Nd7 55. Ke6 Kc6 56. Ke7 e4 0-1

[Event "Titled Tuesday intern op 02nd Apr Early"]
[Site "Chess.com INT"]
[Date "2024.04.02"]
[Round "10"]
[White "Kushch, Nikolai"]
[Black "Bonaveri, Agustin"]
[Result "0-1"]
[WhiteElo "2334"]
[BlackElo "2367"]
[PlyCount "62"]
[EventDate "2024.04.02"]
[EventType "swiss (blitz)"]
[EventRounds "11"]
[EventCountry "USA"]
[SourceTitle "CB15_2024"]
[SourceDate "2024.04.10"]
[SourceVersion "1"]
[SourceVersionDate "2024.04.10"]
[SourceQuality "1"]

1. Nf3 Nf6 2. c4 g6 3. b4 Bg7 4. Bb2 d6 5. d4 0-0 6. e3 Nbd7 7. Be2 e5 8. Nc3 exd4 9. exd4 Re8 10. 0-0 Ne4 11. Nxe4 Rxe4 12. Bd3 Re8 13. Qd2 Nf6 14. h3 Bd7 15. d5 Ne4 16. Qc2 Bxb2 17. Qxb2 Qf6 18. Qc2 Ng5 19. Nh2 Nxh3+ 20. gxh3 Bxh3 21. Kh1 Bxf1 22. Rxf1 Qf4 23. Qc1 Qh4 24. Kg2 Re5 25. f4 Rh5 26. Rh1 Qh3+ 27. Kf2 Qxd3 28. Nf3 Rxh1 29. Qxh1 Re8 30. Qc1 Re2+ 31. Kg3 Re3 0-1

[Event "Titled Tuesday intern op 02nd Apr Early"]
[Site "Chess.com INT"]
[Date "2024.04.02"]
[Round "4"]
[White "Kushch, Nikolai"]
[Black "Mende, Andreas"]
[Result "1/2-1/2"]
[WhiteElo "2334"]
[BlackElo "2101"]
[PlyCount "108"]
[EventDate "2024.04.02"]
[EventType "swiss (blitz)"]
[EventRounds "11"]
[EventCountry "USA"]
[SourceTitle "CB15_2024"]
[SourceDate "2024.04.10"]
[SourceVersion "1"]
[SourceVersionDate "2024.04.10"]
[SourceQuality "1"]

1. Nf3 Nf6 2. c4 g6 3. d4 Bg7 4. g3 d5 5. cxd5 Nxd5 6. Bg2 Nb6 7. 0-0 Nc6 8. e3 0-0 9. Nc3 Re8 10. d5 Na5 11. e4 c6 12. h3 cxd5 13. Nxd5 Be6 14. Nxb6 Qxb6 15. Ng5 Bc4 16. Re1 Red8 17. Qa4 Bb5 18. Qb4 Nc6 19. Qa3 Nd4 20. Be3 Qd6 21. Qxd6 Rxd6 22. Bxd4 Rxd4 23. Nf3 Rd3 24. Rab1 Rad8 25. e5 Bc6 26. Ng5 Bxg2 27. Kxg2 Rd2 28. e6 f5 29. Nf3 Rc2 30. Rec1 Rdc8 31. Rxc2 Rxc2 32. b3 Rxa2 33. Rc1 Bf6 34. Rc7 b5 35. Rb7 a6 36. g4 fxg4 37. hxg4 h6 38. g5 hxg5 39. Nh2 Bd4 40. Rxe7 Rxf2+ 41. Kg3 Rf6 42. Ng4 Rf1 43. Rd7 Bc5 44. e7 Bxe7 45. Rxe7 Rb1 46. Re3 a5 47. Ne5 a4 48. bxa4 bxa4 49. Nc4 Rb3 50. Kf3 Rxe3+ 51. Kxe3 Kf7 52. Ke4 Kf6 53. Na3 Ke6 54. Nc4 Kf6 1/2-1/2

[Event "Titled Tuesday intern op 02nd Apr Early"]
[Site "Chess.com INT"]
[Date "2024.04.02"]
[Round "5"]
[White "Kvaloy, Aksel Bu"]
[Black "Kushch, Nikolai"]
[Result "1-0"]
[WhiteElo "2450"]
[BlackElo "2334"]
[PlyCount "57"]
[EventDate "2024.04.02"]
[EventType "swiss (blitz)"]
[EventRounds "11"]
[EventCountry "USA"]
[SourceTitle "CB15_2024"]
[SourceDate "2024.04.10"]
[SourceVersion "1"]
[SourceVersionDate "2024.04.10"]
[SourceQuality "1"]

1. d4 Nf6 2. Nf3 e6 3. Bg5 c5 4. e3 b6 5. d5 d6 6. Nc3 e5 7. Bb5+ Bd7 8. a4 Be7 9. 0-0 a6 10. Bxd7+ Nfxd7 11. Bxe7 Qxe7 12. e4 0-0 13. Qd3 g6 14. g3 Nf6 15. Nd2 Nbd7 16. Nc4 Rab8 17. Na3 Ra8 18. Rae1 Nh5 19. f4 exf4 20. gxf4 Rfe8 21. Nc4 Rab8 22. e5 dxe5 23. fxe5 Qg5+ 24. Kh1 Nxe5 25. Nxe5 Rxe5 26. d6 Rd8 27. Qc4 Nf6 28. Ne4 Nd5 29. Nxg5 1-0

[Event "Zaporozhye Ermak Cup 7th"]
[Site "Zaporozhye"]
[Date "2011.07.01"]
[Round "9"]
[White "Ziatdinov, Raset"]
[Black "Kushch, Nikolai"]
[Result "1/2-1/2"]
[WhiteElo "2425"]
[BlackElo "2381"]
[PlyCount "133"]
[EventDate "2011.06.25"]
[EventType "swiss"]
[EventRounds "9"]
[EventCountry "UKR"]
[SourceTitle "CBM 143 Extra"]
[Source "ChessBase"]
[SourceDate "2011.08.29"]
[SourceVersion "1"]
[SourceVersionDate "2011.08.29"]
[SourceQuality "1"]

1. e4 c5 2. Nf3 e6 3. d4 cxd4 4. Nxd4 a6 5. Bd3 Nf6 6. 0-0 Qc7 7. Re1 d6 8. Nd2 Nbd7 9. a4 g6 10. a5 Bg7 11. Nc4 0-0 12. c3 d5 13. exd5 exd5 14. Ne3 Nc5 15. Be2 Rd8 16. Bf3 Be6 17. Nec2 Nce4 18. Be3 Re8 19. Nb4 Bf8 20. Nd3 Bd6 21. g3 Qc8 22. Bf4 Bf8 23. Nxe6 Qxe6 24. Bg2 Qf5 25. h3 Nc5 26. Rxe8 Rxe8 27. Nb4 Nce4 28. Nc2 h5 29. Nd4 Qc8 30. Nc2 Bc5 31. Nd4 Qd7 32. Qd3 Bd6 33. Bxd6 Qxd6 34. Qc2 Qc7 35. Qc1 Kg7 36. Qf4 Qxf4 37. gxf4 Nc5 38. f5 g5 39. Rd1 Re5 40. b4 Nce4 41. Re1 Re8 42. Re3 Rc8 43. Ne2 Kf8 44. Rd3 Ke7 45. f3 Nd6 46. f4 g4 47. hxg4 hxg4 48. Bxd5 Rc7 49. Ng3 Nxd5 50. Rxd5 Nb5 51. Re5+ Kd8 52. Ne4 Nxc3 53. Nf6 Rc4 54. Re8+ Kc7 55. Re7+ Kc6 56. Rxf7 Rxf4 57. Nh5 Rf3 58. f6 Ne4 59. Rg7 Rf5 60. Rxg4 Nxf6 61. Rg6 Rxh5 62. Rxf6+ Kc7 63. Kf2 Rb5 64. Rf4 b6 65. axb6+ Rxb6 66. Ke3 Kc6 67. Rf6+ 1/2-1/2

[Event "Zaporozhye Ermak Cup 6th"]
[Site "Zaporozhye"]
[Date "2010.06.25"]
[Round "5"]
[White "Ilinitsky, Gennadiy"]
[Black "Kushch, Nikolai"]
[Result "0-1"]
[WhiteElo "2195"]
[BlackElo "2419"]
[PlyCount "96"]
[EventDate "2010.06.23"]
[EventType "swiss"]
[EventRounds "9"]
[EventCountry "UKR"]
[SourceTitle "CBM 137 Extra"]
[Source "ChessBase"]
[SourceDate "2010.09.01"]
[SourceVersion "1"]
[SourceVersionDate "2010.09.01"]
[SourceQuality "1"]

1. Nf3 Nf6 2. g3 c5 3. Bg2 a6 4. 0-0 b5 5. d3 d5 6. Nbd2 Bb7 7. e4 e6 8. e5 Nfd7 9. Re1 Nc6 10. c3 Be7 11. a3 0-0 12. h4 b4 13. Nf1 bxc3 14. bxc3 Na5 15. Bg5 Bc6 16. Ne3 Rb8 17. Ng4 Re8 18. Ra2 Nf8 19. Qe2 Rb3 20. Qd2 f6 21. exf6 gxf6 22. Bh6 d4 23. cxd4 cxd4 24. Bxf8 Bxf8 25. Qf4 Bg7 26. h5 Rxd3 27. h6 Bh8 28. Nge5 Bd5 29. Rae2 Rxa3 30. Qg4+ Kf8 31. Nxd4 fxe5 32. Bxd5 exd5 33. Nf5 Nc4 34. Qh5 e4 35. Rb1 Ne5 36. Kg2 Nf3 37. Qg4 Ra1 38. Rxa1 Bxa1 39. Ne3 Qd6 40. Ra2 Bd4 41. Nf5 Qg6 42. Qh3 Be5 43. Ne3 d4 44. Ng4 d3 45. Nxe5 Nxe5 46. Qh4 Nf7 47. Ra5 Qxh6 48. Rh5 Qd6 0-1

[Event "Zaporozhye Ermak Cup 6th"]
[Site "Zaporozhye"]
[Date "2010.06.24"]
[Round "3"]
[White "Bytchek, Vladislav"]
[Black "Kushch, Nikolai"]
[Result "1/2-1/2"]
[WhiteElo "2221"]
[BlackElo "2419"]
[PlyCount "91"]
[EventDate "2010.06.23"]
[EventType "swiss"]
[EventRounds "9"]
[EventCountry "UKR"]
[SourceTitle "CBM 137 Extra"]
[Source "ChessBase"]
[SourceDate "2010.09.01"]
[SourceVersion "1"]
[SourceVersionDate "2010.09.01"]
[SourceQuality "1"]

1. Nf3 Nf6 2. c4 c5 3. Nc3 e6 4. g3 a6 5. Bg2 Be7 6. 0-0 0-0 7. b3 d5 8. cxd5 exd5 9. d4 Nc6 10. Bb2 Bg4 11. Ne5 cxd4 12. Nxc6 bxc6 13. Qxd4 Rb8 14. e4 c5 15. Qd2 dxe4 16. Qxd8 Rfxd8 17. Nxe4 Nxe4 18. Bxe4 c4 19. Be5 Rb5 20. Bc7 Rd7 21. bxc4 Rb4 22. Bf4 Rxc4 23. Bg2 Bd6 24. Rfc1 Rxc1+ 25. Rxc1 Rd8 26. Bxd6 Rxd6 27. Bf3 Be6 28. a4 Rd4 29. Bc6 Kf8 30. a5 Rb4 31. Kg2 Rb2 32. Rc5 Rb4 33. Bf3 Bc4 34. Rc7 Ra4 35. h4 h5 36. Bxh5 Bd5+ 37. Bf3 Bxf3+ 38. Kxf3 Rxa5 39. Ra7 Ra2 40. g4 a5 41. Kg2 a4 42. Kg1 a3 43. Kg2 Ra1 44. Kh2 a2 45. Kg2 Kg8 46. Kh2 1/2-1/2

[Event "UKR Games (Men) 3rd"]
[Site "Evpatoria"]
[Date "2007.05.24"]
[Round "6"]
[White "Kushch, Nikolai"]
[Black "Nyzhnyk, Illya"]
[Result "1/2-1/2"]
[WhiteElo "2420"]
[BlackElo "2344"]
[PlyCount "74"]
[EventDate "2007.05.21"]
[EventType "team"]
[EventRounds "7"]
[EventCountry "UKR"]
[SourceTitle "CBM 118 Extra"]
[Source "ChessBase"]
[SourceDate "2007.07.04"]
[SourceVersion "1"]
[SourceVersionDate "2007.07.04"]
[SourceQuality "1"]

1. Nf3 Nf6 2. c4 e6 3. Nc3 Bb4 4. Qc2 c5 5. a3 Ba5 6. g3 Nc6 7. Bg2 0-0 8. 0-0 d5 9. b3 d4 10. Na2 Qe7 11. b4 Bb6 12. d3 e5 13. Bg5 h6 14. Bxf6 Qxf6 15. Nd2 Qe7 16. Nb3 Bd7 17. bxc5 Bxc5 18. Nxc5 Qxc5 19. Nb4 Rab8 20. Rfb1 Ne7 21. Rb2 a5 22. Nd5 Nxd5 23. Bxd5 b5 24. Rab1 Qd6 25. Qd2 bxc4 26. Bxc4 Rxb2 27. Qxb2 Rc8 28. Qb7 Qc6 29. Qa7 Be6 30. Rb6 Qc5 31. Bxe6 fxe6 32. Qa6 Rf8 33. Rxe6 Qc1+ 34. Kg2 Qe1 35. Rxe5 Qxf2+ 36. Kh3 Qf1+ 37. Kh4 Rf4+ 1/2-1/2

[Event "UKR-ch sf"]
[Site "Alushta"]
[Date "2004.05.07"]
[Round "4"]
[White "Kushch, Nikolai"]
[Black "Prihodko, Alexander"]
[Result "1/2-1/2"]
[WhiteElo "2421"]
[BlackElo "2302"]
[PlyCount "76"]
[EventDate "2004.05.04"]
[EventType "swiss"]
[EventRounds "9"]
[EventCountry "UKR"]
[SourceTitle "EXT 2005"]
[Source "ChessBase"]
[SourceDate "2004.11.15"]
[SourceVersion "1"]
[SourceVersionDate "2004.11.15"]
[SourceQuality "1"]

1. Nf3 c5 2. c4 Nf6 3. Nc3 b6 4. e3 Bb7 5. d4 e6 6. d5 exd5 7. cxd5 d6 8. Be2 g6 9. 0-0 Bg7 10. e4 0-0 11. Nd2 Re8 12. Re1 Ba6 13. Bc4 Bxc4 14. Nxc4 b5 15. Nxb5 Nxe4 16. Bf4 Nd7 17. Qf3 a6 18. Nbxd6 Nxd6 19. Bxd6 Qh4 20. Bf4 Bd4 21. Nd6 Rxe1+ 22. Rxe1 Qf6 23. b3 h5 24. Nc4 Qf5 25. h3 Nf6 26. d6 Rd8 27. Bg3 Qxf3 28. gxf3 Nd5 29. Kf1 f6 30. Re2 Kf7 31. a3 g5 32. Rd2 Ke6 33. b4 Nf4 34. bxc5 Bxc5 35. Bxf4 gxf4 36. Re2+ Kd5 37. Re4 Bd4 38. Nd2 Be5 1/2-1/2

[Event "UKR tt"]
[Site "Alushta"]
[Date "2003.??.??"]
[Round "6"]
[White "Kushch, Nikolai"]
[Black "Nazarevich, Vitaly"]
[Result "1-0"]
[WhiteElo "2421"]
[BlackElo "2334"]
[PlyCount "87"]
[EventDate "2003.??.??"]
[EventType "team"]
[EventRounds "7"]
[EventCountry "UKR"]
[SourceTitle "EXT 2005"]
[Source "ChessBase"]
[SourceDate "2004.11.15"]
[SourceVersion "1"]
[SourceVersionDate "2004.11.15"]
[SourceQuality "1"]

1. Nf3 e6 2. c4 Nf6 3. Nc3 Bb4 4. Qc2 0-0 5. a3 Bxc3 6. Qxc3 d6 7. g3 b6 8. Bg2 Bb7 9. 0-0 c5 10. b4 Nbd7 11. Bb2 Rc8 12. Rac1 Qe7 13. d3 Rfe8 14. e4 Nb8 15. b5 Nbd7 16. Nh4 Rc7 17. f4 Rd8 18. a4 Nf8 19. a5 Ng6 20. Nxg6 hxg6 21. Rfe1 Ne8 22. d4 g5 23. d5 gxf4 24. gxf4 Qh4 25. Rf1 exd5 26. cxd5 Re7 27. Rcd1 Qh6 28. Rd3 Bc8 29. Rg3 Kf8 30. f5 Qf6 31. Qa3 Re5 32. axb6 axb6 33. Qa7 Rd7 34. Qxb6 Rb7 35. Qa5 Qe7 36. Rh3 Qd7 37. b6 f6 38. Bf3 g5 39. Bxe5 fxe5 40. Rh6 Qd8 41. Bh5 Kg7 42. Rg6+ Kf8 43. f6 Bh3 44. Rh6 1-0

[Event "UKR tt"]
[Site "Alushta"]
[Date "2003.??.??"]
[Round "3"]
[White "Kushch, Nikolai"]
[Black "Vinogradov, Pavel"]
[Result "1/2-1/2"]
[WhiteElo "2421"]
[BlackElo "2348"]
[PlyCount "122"]
[EventDate "2003.??.??"]
[EventType "team"]
[EventRounds "7"]
[EventCountry "UKR"]
[SourceTitle "EXT 2005"]
[Source "ChessBase"]
[SourceDate "2004.11.15"]
[SourceVersion "1"]
[SourceVersionDate "2004.11.15"]
[SourceQuality "1"]

1. Nf3 d5 2. c4 d4 3. g3 g6 4. Bg2 Bg7 5. 0-0 e5 6. d3 Ne7 7. e3 dxe3 8. fxe3 0-0 9. d4 exd4 10. exd4 Nf5 11. d5 Qd6 12. Kh1 Qb4 13. Qb3 Na6 14. Nc3 Qxb3 15. axb3 Nc5 16. Bf4 Nd6 17. Ra3 a6 18. Bxd6 cxd6 19. b4 Bxc3 20. Rxc3 Na4 21. Rc2 Bf5 22. Rd2 a5 23. bxa5 Rxa5 24. b4 Raa8 25. Nd4 Rfc8 26. Nxf5 gxf5 27. Rf4 Nb6 28. Bf1 Ra1 29. Kg2 Rb1 30. b5 Rc1 31. Rdd4 Rc2+ 32. Kh3 h6 33. Bd3 Rc3 34. Rxf5 Nxc4 35. Bxc4 R8xc4 36. Rxc4 Rxc4 37. Rf6 Rc5 38. Rxd6 Rxb5 39. Kg4 Kg7 40. Kf5 Rb1 41. Rd8 b5 42. Rb8 b4 43. d6 Rd1 44. Ke5 Re1+ 45. Kd5 Rd1+ 46. Kc6 Rc1+ 47. Kd7 Rb1 48. Kc7 b3 49. d7 Rc1+ 50. Kd8 Rb1 51. Rb6 b2 52. g4 f6 53. Rb7 Kg6 54. Rb5 h5 55. gxh5+ Kh6 56. h4 f5 57. Ke7 Re1+ 58. Kf6 Rd1 59. Rb8 Kxh5 60. Kxf5 b1Q+ 61. Rxb1 Rxd7 1/2-1/2

[Event "UKR-ch"]
[Site "Alushta"]
[Date "2002.05.09"]
[Round "7"]
[White "Kononenko, Dmitry"]
[Black "Kushch, Nikolai"]
[Result "1/2-1/2"]
[WhiteElo "2272"]
[BlackElo "2405"]
[PlyCount "69"]
[EventDate "2002.05.02"]
[EventType "swiss"]
[EventRounds "9"]
[EventCountry "UKR"]
[SourceTitle "EXT 2003"]
[Source "ChessBase"]
[SourceDate "2002.11.25"]
[SourceVersion "1"]
[SourceVersionDate "2002.11.25"]
[SourceQuality "1"]

1. e4 c5 2. Nf3 e6 3. d4 cxd4 4. Nxd4 a6 5. c4 Nf6 6. Nc3 Qc7 7. a3 Nc6 8. Be3 Ne5 9. Rc1 b6 10. Be2 Ng6 11. Qd2 Bb7 12. f3 Nh5 13. 0-0 Nhf4 14. Bd1 Be7 15. g3 Nh5 16. Qf2 Rb8 17. Nb3 Bd8 18. c5 b5 19. Nd4 Nf6 20. b4 h5 21. Ndxb5 axb5 22. Nxb5 Qc6 23. Nd6+ Kf8 24. b5 Qc7 25. a4 Ne8 26. b6 Qc6 27. Nxb7 Qxb7 28. a5 Ra8 29. Qa2 h4 30. g4 Nc7 31. bxc7 Be7 32. Rb1 Qc8 33. Rb5 Ne5 34. Bd2 Nc6 35. Bc3 1/2-1/2

[Event "UKR-ch sf op"]
[Site "Alushta"]
[Date "2001.??.??"]
[Round "?"]
[White "Kotsuba, Aleksander"]
[Black "Kushch, Nikolai"]
[Result "0-1"]
[WhiteElo "2237"]
[BlackElo "2387"]
[PlyCount "62"]
[EventDate "2001.04.17"]
[EventType "swiss"]
[EventRounds "9"]
[EventCountry "UKR"]
[SourceTitle "EXT 2003"]
[Source "ChessBase"]
[SourceDate "2002.11.25"]
[SourceVersion "1"]
[SourceVersionDate "2002.11.25"]
[SourceQuality "1"]

1. e4 c5 2. Nf3 e6 3. d4 cxd4 4. c3 dxc3 5. Nxc3 Nc6 6. Bc4 a6 7. a4 Nge7 8. Qe2 Ng6 9. 0-0 Be7 10. Rd1 0-0 11. Be3 Qa5 12. h3 d6 13. Nd4 Nxd4 14. Bxd4 Bd7 15. b4 Qc7 16. Rac1 Rfc8 17. Bb3 Qd8 18. a5 Qe8 19. Qa2 Ne5 20. Bxe5 dxe5 21. Ba4 Rxc3 22. Rxc3 Bxa4 23. Rb1 Bc6 24. Qe2 Rd8 25. f3 Rd4 26. Rcb3 Qd7 27. R3b2 Bg5 28. Qf2 Qd6 29. h4 Bd2 30. Kh2 Bxb4 31. h5 h6 0-1

[Event "UKR-ch sf op"]
[Site "Alushta"]
[Date "2001.??.??"]
[Round "?"]
[White "Kushch, Nikolai"]
[Black "Prihodko, Alexander"]
[Result "1-0"]
[WhiteElo "2387"]
[BlackElo "2235"]
[PlyCount "55"]
[EventDate "2001.04.17"]
[EventType "swiss"]
[EventRounds "9"]
[EventCountry "UKR"]
[SourceTitle "EXT 2003"]
[Source "ChessBase"]
[SourceDate "2002.11.25"]
[SourceVersion "1"]
[SourceVersionDate "2002.11.25"]
[SourceQuality "1"]

1. Nf3 d5 2. c4 c6 3. d4 e6 4. Qc2 f5 5. g3 Nf6 6. Bg2 Bd6 7. 0-0 0-0 8. Nbd2 Ne4 9. b3 b6 10. Bb2 Bb7 11. Rad1 Nd7 12. Ne5 Rc8 13. Nxe4 Bxe5 14. dxe5 fxe4 15. f3 Qg5 16. Qd2 Qh5 17. fxe4 Rfe8 18. Rf4 Rcd8 19. cxd5 exd5 20. Rh4 Qf7 21. Qg5 d4 22. Rxd4 h6 23. Rxh6 Rf8 24. Bf3 Rde8 25. e6 Rxe6 26. Rxe6 Qxe6 27. Rd6 Qf7 28. Rg6 1-0

[Event "UKR-ch"]
[Site "Sevastopol"]
[Date "2000.??.??"]
[Round "8"]
[White "Cherednichenko, Svetlana"]
[Black "Kushch, Nikolai"]
[Result "0-1"]
[WhiteElo "2166"]
[BlackElo "2400"]
[PlyCount "90"]
[EventDate "2000.??.??"]
[EventType "swiss"]
[EventRounds "9"]
[EventCountry "UKR"]
[SourceTitle "EXT 2001"]
[Source "ChessBase"]
[SourceDate "2000.11.22"]
[SourceVersion "1"]
[SourceVersionDate "2000.11.22"]
[SourceQuality "1"]

1. d4 Nf6 2. c4 e6 3. Nc3 Bb4 4. Qc2 0-0 5. a3 Bxc3+ 6. Qxc3 b6 7. Bg5 Bb7 8. f3 h6 9. Bh4 d5 10. e3 Re8 11. Nh3 Nbd7 12. cxd5 exd5 13. Be2 Qe7 14. Bf2 c5 15. 0-0 Rac8 16. Rae1 Nf8 17. dxc5 bxc5 18. Bd3 N8d7 19. Bf5 Ba6 20. Bd3 Bxd3 21. Qxd3 Rb8 22. b3 Rec8 23. Rc1 g5 24. Bg3 Rb6 25. Rc2 Re6 26. Re1 Nb6 27. f4 Ng4 28. Rce2 Re4 29. fxg5 hxg5 30. a4 c4 31. bxc4 dxc4 32. Qd6 Qxd6 33. Bxd6 f6 34. a5 Nd5 35. Nf2 Nxf2 36. Kxf2 Re6 37. Bg3 c3 38. Rc1 f5 39. h3 Kg7 40. Kf3 Rc4 41. Bb8 a6 42. Ba7 Nb4 43. g4 fxg4+ 44. hxg4 Nd3 45. Rh1 c2 0-1

[Event "UKR-ch"]
[Site "Sevastopol"]
[Date "2000.??.??"]
[Round "4"]
[White "Golovanj, Andrej"]
[Black "Kushch, Nikolai"]
[Result "1/2-1/2"]
[WhiteElo "2215"]
[BlackElo "2400"]
[PlyCount "113"]
[EventDate "2000.??.??"]
[EventType "swiss"]
[EventRounds "9"]
[EventCountry "UKR"]
[SourceTitle "EXT 2001"]
[Source "ChessBase"]
[SourceDate "2000.11.22"]
[SourceVersion "1"]
[SourceVersionDate "2000.11.22"]
[SourceQuality "1"]

1. d4 Nf6 2. c4 c5 3. d5 g6 4. Nc3 Bg7 5. e4 0-0 6. Nf3 d6 7. Bd3 Bg4 8. h3 Bxf3 9. Qxf3 e6 10. 0-0 exd5 11. exd5 Nbd7 12. Qd1 a6 13. Re1 Rb8 14. a4 Ne8 15. Ra3 Ne5 16. Bf1 f5 17. f4 Nd7 18. Kh2 Ndf6 19. g3 Nc7 20. a5 b6 21. axb6 Rxb6 22. Bd3 Qb8 23. Re2 h5 24. Qc2 Re8 25. Nd1 Rxe2+ 26. Qxe2 Qe8 27. Qxe8+ Ncxe8 28. Nf2 Kf7 29. b3 Nc7 30. Kg2 Rb8 31. Kf3 Nd7 32. Bc2 Bc3 33. Nd1 Bb4 34. Ra2 Re8 35. Be3 a5 36. Bd3 Nf6 37. Nf2 Na6 38. Rc2 Be1 39. Re2 Bc3 40. Bc1 Rxe2 41. Kxe2 Nb4 42. Bb1 Bd4 43. Kf3 h4 44. gxh4 Nh5 45. Nh1 Bc3 46. Ng3 Nxg3 47. Kxg3 Be1+ 48. Kf3 Bxh4 49. Bd2 Ke7 50. Ke3 Kd7 51. Bd3 Kc7 52. Be2 Kb6 53. Bd1 Na6 54. Bc3 Nb8 55. Bc2 Nd7 56. Kf3 Ka6 57. Bd1 1/2-1/2

[Event "UKR-ch"]
[Site "Sevastopol"]
[Date "2000.??.??"]
[Round "6"]
[White "Kovalev, Denis"]
[Black "Kushch, Nikolai"]
[Result "1-0"]
[WhiteElo "2234"]
[BlackElo "2400"]
[PlyCount "115"]
[EventDate "2000.??.??"]
[EventType "swiss"]
[EventRounds "9"]
[EventCountry "UKR"]
[SourceTitle "EXT 2001"]
[Source "ChessBase"]
[SourceDate "2000.11.22"]
[SourceVersion "1"]
[SourceVersionDate "2000.11.22"]
[SourceQuality "1"]

1. Nf3 c5 2. c4 a6 3. Nc3 Nf6 4. d4 cxd4 5. Nxd4 e6 6. a3 Qc7 7. e4 Nc6 8. Be3 Ne5 9. Be2 Ng6 10. Qd2 Be7 11. 0-0 0-0 12. Rac1 d6 13. f3 Bd7 14. Rfd1 Rac8 15. Bf1 Qb8 16. a4 Rfe8 17. Qf2 Ne5 18. b3 h5 19. h3 Ng6 20. Nde2 Bd8 21. Nf4 Ne5 22. Nd3 Ng6 23. Nf4 Nf8 24. h4 b6 25. g3 Bc7 26. b4 Qb7 27. Rb1 d5 28. exd5 Bxf4 29. Bxf4 exd5 30. Nxd5 Nxd5 31. Rxd5 Ng6 32. Rd6 Nxf4 33. Rxb6 Qc7 34. gxf4 Qxf4 35. Rd1 Bxa4 36. Rd4 Qc1 37. Rxa6 Bc6 38. b5 Bxb5 39. cxb5 Rc2 40. Rc6 Rxc6 41. bxc6 Qxc6 42. Bc4 Qc7 43. Kg2 Rd8 44. Rxd8+ Qxd8 45. Qa7 Qe8 46. Qc7 g6 47. Kf2 Kg7 48. f4 Qf8 49. Bd5 Kg8 50. Qa7 Kg7 51. Kf3 Qe8 52. Qa1+ f6 53. Qa7+ Kh6 54. Qa8 Qxa8 55. Bxa8 g5 56. f5 Kg7 57. Kg3 Kf7 58. Bf3 1-0

[Event "Rovno"]
[Site "Rovno"]
[Date "2000.??.??"]
[Round "10"]
[White "Kushch, Nikolai"]
[Black "Varitski, Igor"]
[Result "1/2-1/2"]
[WhiteElo "2400"]
[BlackElo "2359"]
[PlyCount "81"]
[EventDate "2000.01.20"]
[EventType "tourn"]
[EventRounds "15"]
[EventCountry "UKR"]
[EventCategory "8"]
[SourceTitle "CBM 076"]
[Source "ChessBase"]
[SourceDate "2000.05.31"]
[SourceVersion "1"]
[SourceVersionDate "2000.05.31"]
[SourceQuality "1"]

1. Nf3 f5 2. c4 Nf6 3. g3 d6 4. d4 e6 5. Bg2 c6 6. 0-0 d5 7. Bf4 Bd6 8. Nbd2 Bxf4 9. gxf4 0-0 10. e3 Ne4 11. Ne5 Nd7 12. Ndf3 Kh8 13. b4 g5 14. fxg5 Nxg5 15. Nxg5 Qxg5 16. f4 Qh6 17. cxd5 Nxe5 18. dxe5 cxd5 19. Rc1 Bd7 20. a4 Rg8 21. Kh1 Rg6 22. b5 Rag8 23. Rf2 Qh4 24. Qf1 Be8 25. Rd2 Rh6 26. Bf3 d4 27. exd4 Qxf4 28. Rcd1 b6 29. Rf2 Qh4 30. Rg2 Rxg2 31. Qxg2 Rg6 32. Qd2 Rg7 33. Rc1 Bh5 34. Rc8+ Rg8 35. Rxg8+ Kxg8 36. Bxh5 Qxh5 37. Kg2 Qg4+ 38. Kf2 Qh4+ 39. Kg1 Kg7 40. d5 Qg4+ 41. Kf2 1/2-1/2